Sunlit Hearts / (Record no. 87580)

MARC details
000 -LEADER
fixed length control field 00606nam a22001937a 4500
005 - DATE AND TIME OF LATEST TRANSACTION
control field 20140805114538.0
010 ## - LCCN (DPL NO)
LC control number B-506477-484
020 ## - INTERNATIONAL STANDARD BOOK NUMBER
International Standard Book Number 9789380828787
Terms of availability 295.00
035 ## - SYSTEM CONTROL NUMBER
System control number B-506477-484
037 ## - SOURCE OF ACQUISITION
Stock number dpl
Source of stock number/acquisition KBD/Ven
082 ## - DEWEY DECIMAL CLASSIFICATION NUMBER
Classification number N
100 ## - MAIN ENTRY--PERSONAL NAME
Personal name Mehrotra, Meenu
245 ## - TITLE STATEMENT
Title Sunlit Hearts /
Statement of responsibility, etc by Meenu Mehrotra
260 ## - PUBLICATION, DISTRIBUTION, ETC. (IMPRINT)
Place of publication, distribution, etc New Delhi
Name of publisher, distributor, etc Vitasta Publishing Pvt. Ltd.
Date of publication, distribution, etc 2012
270 ## - ADDRESS
Address 2/15, Ansari Road, Daryaganj
City New Delhi
Postal code 110002
300 ## - PHYSICAL DESCRIPTION
Extent 238p.:
Dimensions 21cm(pbk)
942 ## - ADDED ENTRY ELEMENTS (KOHA)
Source of classification or shelving scheme Dewey Decimal Classification
Item type English Books
Classification part N
Call number suffix MEH
Holdings
Withdrawn status Lost status Not for loan Collection code Home library Current library Date acquired Source of acquisition Cost, normal purchase price Full call number Barcode Copy number Cost, replacement price Koha item type
      Fiction Bawana Bawana 05/08/2014 KBD/BL64/24.10.2013/07/10.10.2013/29.10.2013 295.00 N MEH B-506482 1 295.00 English Books
      Fiction Central Library Central Library 05/08/2014 KBD/BL64/24.10.2013/07/10.10.2013/29.10.2013 295.00 N MEH B-506477 1 295.00 English Books
      Fiction Janak Puri Janak Puri 05/08/2014 KBD/BL64/24.10.2013/07/10.10.2013/29.10.2013 295.00 N MEH B-506479 1 295.00 English Books
      Fiction Narela Narela 05/08/2014 KBD/BL64/24.10.2013/07/10.10.2013/29.10.2013 295.00 N MEH B-506483 1 295.00 English Books
      Fiction Patel Nagar Patel Nagar 05/08/2014 KBD/BL64/24.10.2013/07/10.10.2013/29.10.2013 295.00 N MEH B-506478 1 295.00 English Books
      Fiction Sarojini Nagar Sarojini Nagar 05/08/2014 KBD/BL64/24.10.2013/07/10.10.2013/29.10.2013 295.00 N MEH B-506480 1 295.00 English Books
      Fiction Shahdara Branch Shahdara Branch 05/08/2014 KBD/BL64/24.10.2013/07/10.10.2013/29.10.2013 295.00 N MEH B-506484 1 295.00 English Books
      Fiction Vinoba Puri Vinoba Puri 05/08/2014 KBD/BL64/24.10.2013/07/10.10.2013/29.10.2013 295.00 N MEH B-506481 1 295.00 English Books

© Delhi Public Library
Hit Counter
free hit counter